000 00890nam a2200277Ia 4500
003 OSt
005 20221002044107.0
006 a|||||r|||| 00| 0
007 ta
008 220930b |||||||| |||| 00| 0 eng d
020 _a8175201177 (hbk (Set))
_cINR 6000.00
024 _a33998
037 _bBBS/04, 01/09/2017, Better Book Service
_cReference Collections
040 _aCRL
_cCRL
_beng
041 _2eng
_aeng
082 _aT4h2g, K9;Q4.1-.2(RR)
100 _aBhalla Veena Ed.
_9568983
245 0 _aUniversity handbook 2014 member universities
250 _a33rd
260 _aNew Delhi
_bAssociation of Indian
_c2014
490 _vVol. 1
650 _a EDUCATION
650 _aCOLLEGES AND UNIVERSITIES
942 _hT4h2g, K9;Q4.1-.2(RR)
_cref
_2CC
999 _c909647
_d909647